00696nam a2200217Ia 4500001000500000005001700005007000300022008004100025040002500066041000800091082002100099100001700120245007600137250001400213260004400227300001900271653003000290942001200320952013100332999001500463592020240113233854.0ta050623s1995 g b000 u eng u aCotton College,Assam aeng a823.09bAe 85 Ag aAeschylus, . 0aAgamemnon, The Choephori and Eumenides /cAeschylus.hTextual Documents a1st ed. / aNew Delhi :bKalyani Publisher ,c1995. a72p. ;c21cm.. aEnglish fiction-Criticism 2ddccBK 001040708Circulation (PG)aSKBLbSKBLd2012-02-01f00000l0o823.09 Ae 85 Agp88476r2024-01-13 00:00:00t1w2012-02-01yBK c5907d5907